000 00336nam a22001457a 4500
008 230317b ||||| |||| 00| 0 eng d
020 _a9781111351960
041 _aeng
080 _2SEVENTH EDITION
_a159.9
082 _a159.9KOS
100 _a25
101 _aPSI
245 _aGUIDING CHILDREN'S
_cKOSTELNIK.J.M
942 _2udc
_cBK
999 _c59377
_d59377